Least Stable Countries Quiz Stats

 Plays Quiz Updated Jul 8, 2019

Score 0/32 Timer 06:00
2 Plays Today
Rank Country % Correct
4Syria
79%
3South Sudan
75.8%
28Libya
73.7%
26North Korea
69.2%
21Mali
65.3%
27Rep. of the Congo
56.6%
31Mauritania
49.4%
32Venezuela
41.8%
13Iraq
26.2%
2Somalia
25.3%
8Sudan
25.1%
18Niger
24.1%
9Afghanistan
23.9%
5Dem. Rep. of the Congo
23%
14Nigeria
22.4%
7Chad
22.3%
Rank Country % Correct
23Ethiopia
21.7%
10Zimbabwe
20.4%
23Pakistan
20.4%
25Kenya
20.1%
20Uganda
19.5%
17Eritrea
19.4%
1Yemen
18.2%
30Liberia
18.1%
6Central African Republic
17.2%
11Guinea
17%
16Cameroon
15.9%
15Burundi
15.9%
12Haiti
15.8%
22Myanmar
15.8%
19Guinea Bissau
15%
29Côte d’Ivoire
11.7%

You're not logged in!

Compare scores with friends on all Sporcle quizzes.
OR
Log In

Sporcle TV

Today on Sporcle TV


Watch our educational content, quiz creation guides, and fun videos on Sporcle TV.

Show Comments

Extras

Top Quizzes Today


Score Distribution

Your Account Isn't Verified!

In order to create a playlist on Sporcle, you need to verify the email address you used during registration. Go to your Sporcle Settings to finish the process.

Report this User

Report this user for behavior that violates our Community Guidelines.

Details: